| 000 | 00421nam a2200157Ia 4500 | ||
|---|---|---|---|
| 008 | 221030s9999 xx 000 0 und d | ||
| 020 | _a8126521753 | ||
| 041 | _aEnglish | ||
| 100 | _aS. R. Magal | ||
| 245 | 0 |
_aEssentials of Business Processes & Information Systems _cby S. R. Magal, J. Word |
|
| 260 |
_bWilley Pub. _aNew Delhi _c2014 |
||
| 300 | _a170 | ||
| 650 | _aMBA Computers | ||
| 700 | _aJ. Word | ||
| 942 | _cBK | ||
| 999 |
_c15807 _d15807 |
||